Artemis fowl : (Record no. 9253)

MARC details
000 -LEADER
fixed length control field 01605nam a22003137a 4500
001 - CONTROL NUMBER
control field 9253
003 - CONTROL NUMBER IDENTIFIER
control field FISKH
005 - DATE AND TIME OF LATEST TRANSACTION
control field 20251205114237.0
008 - FIXED-LENGTH DATA ELEMENTS--GENERAL INFORMATION
fixed length control field 251205b cb ||||| |||| 00| 0 eng d
020 ## - INTERNATIONAL STANDARD BOOK NUMBER
International Standard Book Number 9780545344739
040 ## - CATALOGING SOURCE
Original cataloging agency FISKH
Language of cataloging eng
Transcribing agency FISKH
Modifying agency FISKH
050 ## - LIBRARY OF CONGRESS CALL NUMBER
Classification number PN6790.I72 C65
082 ## - DEWEY DECIMAL CLASSIFICATION NUMBER
Classification number 741.59415
100 ## - MAIN ENTRY--PERSONAL NAME
Personal name Colfer, Eoin
245 ## - TITLE STATEMENT
Title Artemis fowl :
Remainder of title The graphic novel /
Statement of responsibility, etc. Adapted by Eoin Colfer and Andrew Donkin : Art by Giovanni Rigano , Color by Paolo Lamanna
260 ## - PUBLICATION, DISTRIBUTION, ETC.
Place of publication, distribution, etc. New York :
Name of publisher, distributor, etc. Scholastic ,
Date of publication, distribution, etc. 2007 .
300 ## - PHYSICAL DESCRIPTION
Extent 112 unnumbered pages :
Other physical details color illustrations ;
Dimensions 23​ cm .
490 ## - SERIES STATEMENT
Series statement Artemis Fowl (Graphic Novels — 1)
Volume/sequential designation 1
505 ## - FORMATTED CONTENTS NOTE
Formatted contents note I <br/>
520 ## - SUMMARY, ETC.
Summary, etc. In 2001, audiences first met and fell in love with a twelve-year-old criminal mastermind named Artemis Fowl. Since then, the series has sold over seven million copies in the United States alone. Now, this phenomenally successful series is being translated into a graphic novel format. Eoin Colfer has teamed up with established comic writer Andrew Donkin to adapt the text. For the first time, rabid fans will be able to see what Foaly's tin hat looks like; discover just how "Beet" Root got his name; and of course, follow their favorite criminal mastermind as he plots and connives in action-packed, full-color panels.
521 8# - TARGET AUDIENCE NOTE
Target audience note 460 <br/>
Source Lexile GN <br/>
521 8# - TARGET AUDIENCE NOTE
Target audience note I <br/>
Source Raz-Plus <br/>
650 ## - SUBJECT ADDED ENTRY--TOPICAL TERM
Topical term or geographic name entry element Graphic novel
Form subdivision Comic
650 ## - SUBJECT ADDED ENTRY--TOPICAL TERM
Topical term or geographic name entry element Underground city
Form subdivision Comic
700 ## - ADDED ENTRY--PERSONAL NAME
Personal name Rigano, Giovanni
Relator term Adapter
700 ## - ADDED ENTRY--PERSONAL NAME
Personal name Lamanna, Paolo
Relator term Illustrator
942 ## - ADDED ENTRY ELEMENTS (KOHA)
Source of classification or shelving scheme Dewey Decimal Classification
Koha item type Books
Suppress in OPAC No
Holdings
Withdrawn status Lost status Source of classification or shelving scheme Damaged status Not for loan Collection Home library Current library Shelving location Date acquired Total Checkouts Full call number Barcode Date last seen Price effective from Koha item type
    Dewey Decimal Classification     Fiction Footprints International School Library Network Toul Tom Poung Campus Footprints International School Library Network Toul Tom Poung Campus TTP Comic Books all Levels 12/05/2025   COL 741.59415 PN6790.I72 C65 FISSE02175 12/05/2025 12/05/2025 Books